Villes mentionnées dans la page Wikipédia de la France - Statistiques

Statistiques générales
  • Ce quiz a été pris 1 187 fois
  • Le résultat moyen est 27 sur 47
Statistiques - réponses
Mentions Contextes Pays % Correct
36 Administration, histoire Paris
100%
10 Géographie, classements Marseille
99%
9 Géographie, gastronomie Lyon
98%
6 Gastronomie, classements Bordeaux
95%
6 Patrimoine, classements Strasbourg
94%
7 Transport ferroviaire, classements Toulouse
94%
4 Transport ferroviaire, classements Lille
93%
5 Transport aérien, classements Nice
92%
7 Transport maritime, classements Nantes
89%
4 Transport ferroviaire, classements Rennes
87%
5 Transport maritime, classements Le Havre
82%
4 Transport ferroviaire, classements Montpellier
80%
3 Classements Toulon
73%
2 Histoire, classements Reims
71%
5 Sport, classements Grenoble
69%
3 Classements Saint-Etienne
69%
2 Classements Rouen
68%
2 Géographie, classements Clermont-Ferrand
67%
1 Classements Dijon
67%
1 Classements Orléans
66%
1 Classements Caen
65%
1 Tourisme Metz
65%
1 Transport maritime Dunkerque
62%
2 Patrimoine, classements Nancy
61%
2 Classements Tours
60%
4 Histoire, tourisme Versailles
60%
2 Culture Cannes
58%
1 Classements Saint-Denis de La Réunion
58%
1 Classements Angers
57%
3 Histoire, classements Aix-en-Provence
55%
1 Transport maritime Calais
55%
3 Tourisme, classements Avignon
48%
1 Gastronomie Le Mans
43%
1 Classements Lens
41%
1 Tourisme Colmar
34%
1 Patrimoine Carcassonne
33%
1 Littérature Troyes
33%
2 Histoire Vichy
31%
1 Transport maritime Saint-Nazaire
29%
1 Histoire Verdun
27%
1 Patrimoine Chartres
23%
1 Classements Villeurbanne
22%
1 Histoire Narbonne
21%
1 Classements Valenciennes
18%
1 Sport Albertville
10%
1 Classements Douai
9%
1 Classements Béthune
2%
Aucun quiz correspondant
Distribution des résultats
% des personnes avec chaque résultat
Percentile par nombre de réponses
Votre historique - résultats
Vous n’avez pas pris ce quiz